Os coelhinhos... descobrem a floresta (Registo nº 1954)

Detalhes MARC
000 -Etiqueta do registo
Cabeçalho 00817nam a22002771 4500
005 - Identificador da versão
Campo de controlo 20240827105715.0
010 ## - Número internacional normalizado dos livros (ISBN)
Número (ISBN) 9724104192
021 ## - Número do Depósito Legal
Código do país PT
Número 90961/95
100 ## - Dados gerais de processamento
Dados gerais de processamento 20070615d1995 bc y0pory5003 ba
101 1# - Língua de publicação
Língua do texto, banda sonora, etc. Português
102 ## - Pais de publicação ou produção
País de publicação Portugal
105 ## - Campo de dados codificados: livros
Dados codificados dos livros a z 000fy
106 ## - Campo de dados codificados: material textual
Dados codificados do material textual r
200 1# - Titulo e menção de responsabilidade
Título próprio Os coelhinhos... descobrem a floresta
Primeira menção de responsabilidade adapt. Joëlle Barnabé
Outras menções de responsabilidade il. Sylvie Rainaud
-- trad. Maria Judite Cardoso
205 ## - Menção da edição
Menção da edição 5ª ed
210 ## - Publicação, Distribuição, etc. 
Lugar da edição, distribuição, etc. Porto
Nome do editor, distribuidor, etc. Asa
Data da publicação, distribuição, etc. 1995
215 ## - Descrição física 
Indicação específica da natureza do documento e extensão da espécie [18] p.
Outras indicações físicas muito il.
Dimensões 23 cm
225 2# - Colecção 
Título próprio da colecção Os coelhinhos descobrem...
Indicação de volume 4
606 ## - Nome comum usado como assunto
Número de registo de entrada de autoridade 0000001
Palavra de ordem Literatura estrangeira infantil
Subdivisão de assunto Conto
675 ## - Classificação Decimal Universal (CDU)
Notação 82-34
Edição
Língua da edição por
700 #1 - Nome de autor-pessoa física (responsabilidade principal)
Número de registo de entrada de autoridade 0000592
Palavra de ordem Barnabé
Outra parte do nome não tomada para palavra de ordem Joëlle
701 #1 - Nome de autor-pessoa física (co-responsabilidade principal)
Palavra de ordem Rainaud
Outra parte do nome não tomada para palavra de ordem Sylvie
Código de função Ilustrador / Técnico de desenho computorizado
702 #1 - Nome de autor-pessoa física (responsabilidade secundária)
Número de registo de entrada de autoridade 0000594
Palavra de ordem Cardoso
Outra parte do nome não tomada para palavra de ordem Maria Judite
Código de função Tradutor
942 ## - Elementos de entrada adicionados (Koha)
Tipo de item no Koha Livro
Exemplares
Situação do levantamento Origin of item (home branch) (coded) Biblioteca de empréstimo Código de barras Cota Circulation type (not for loan) Tipo de documento Nota do exemplar Damaged status
  Biblioteca Escolar da Coca Maravilhas Biblioteca Escolar da Coca Maravilhas BECM3047/96 8EST BAR   Livro Sem mensagem